| 000 | 00960nam a22002537a 4500 | ||
|---|---|---|---|
| 001 | 5849 | ||
| 003 | FISKH | ||
| 005 | 20250124144811.0 | ||
| 008 | 250124b cb ||||| |||| 00| 0 eng d | ||
| 020 | _a9780590427609 | ||
| 040 |
_aFISKH _beng _cFISKH _dFISKH |
||
| 050 | _aTL793.S925 | ||
| 082 | _a629.45 | ||
| 100 | _aSullivan, George | ||
| 245 |
_aThe day we walked on the moon : _bA photo history of space explorations / _cby George Sullivan |
||
| 250 | _aFirst Scholastic printing, January 1990 | ||
| 260 |
_aNew York : _bScholastic , _c1990. |
||
| 300 |
_a72 pages : _bcolor illustrations, maps ; _c26 cm . |
||
| 520 | _aTraces the technological developments which have made it possible to explore outer space and walk on the moon. Also discusses the training of astronauts and the future of space exploration. | ||
| 650 |
_aspace exploration _vnon-fiction |
||
| 700 |
_aMorrissey, Georgia _ebook designer |
||
| 942 |
_2ddc _cBK _n0 |
||
| 999 |
_c5849 _d5849 |
||